000 00421nam a2200169Ia 4500
008 230711s9999||||xx |||||||||||||| ||und||
020 _a978-81-8356-604-9
041 _aENG
082 _a543.5
_bSO-A
100 _aSona Muthu,K
245 0 _aApplications of Spectroscopy
250 _a1st Ed.
260 _c2010
_aNew Delhi
_bDiscovery Publication House Pvt Ltd
300 _a83p.
650 _aChemistry
942 _cBK
999 _c6735
_d6735